000 01568cad a22002655a 4500
001 L145936
008 081125s2008 xxkd f f000 0 eng d
020 _a9781409807513
035 _a(Sirsi) u145936
041 0 _aeng
050 0 4 _a333.33 $2 18
110 1 _aUnited Kingdom
_bDepartment for Communities and Local Government
_94939
245 0 0 _aNational Calculation Methodology (NCM) modelling guide (for buildings other than dwellings in England and Wales)
_h[electronic resource]
260 _aLondon
_bDCLG
_c2008
520 _aGives guidance on the use of Simplified Building Energy Model and other approved software comprising the National Software Methodology demonstrating compliance with: the carbon emission requirements of the Building Regulations for England and Wales in respect of buildings other than dwellings, and calculating asset ratings as part of preparing energy performance certificates (EPCs) for buildings other than dwellings.
590 _aKA
650 2 4 _aSIMPLIFIED BUILDING ENERGY MODEL
650 2 4 _aCOMMERCIAL ENERGY PERFORMANCE CERTIFICATES
650 2 4 _aEUROPEAN ENERGY PERFORMANCE OF BUILDINGS DIRECTIVE 2002/91/EC
650 2 4 _aENERGY PERFORMANCE OF BUILDINGS (CERTIFICATES AND INSPECTIONS) (ENGLAND AND WALES) REGULATIONS 2007
651 4 _aUnited Kingdom
_y
690 _aENVIRONMENTAL AND LAND CONSULTANCY-ENERGY-ENERGY USE-ENERGY EFFICIENCY
856 4 0 _uhttps://www.communities.gov.uk/publications/planningandbuilding/ncmmodellingguide
_zView the guide free of charge at www.communities.gov.uk...
942 _n0
999 _c108973
_d108973